000 00672cam a22002411 4500
001 sa 67002211
003 DLC
005 20260227112329.0
008 900116s1965 ii 000 0 hino
010 _asa 67002211
035 _a(OCoLC)20908411
040 _aDLC
_cWaU
_dDLC
042 _apremarc
050 0 0 _aPK2098.D53
_bP28 1965
100 1 _aDinkar, Ramdhari Sinha,
_d1908-1974.
245 1 0 _aPanta, Prasāda aura Maithilīśaraṇa.
260 _c[1965]
300 _a144 p.
_c22 cm.
546 _aIn Hindi.
600 1 0 _aGupta, Maithili Sarana,
_d1886-1964.
600 1 0 _aPanta, Sumitrānandana,
_d1900-1977.
600 1 0 _aPrasad, Jai Shankar,
_d1889-1937.
999 _c73124
_d73124